000 00433cam a2200169 4500
001 J3250
008 090401t1955 xxu||||| |||| 00| 0 eng d
035 _a(Sirsi) u53892
041 _aeng
245 _aSpon`s architects` and builders` price ... 1955-56.
250 _a81st ed.
260 _aLondon
_bE & F N Spon Ltd.
_c1955
350 _a0
700 _aDavis, Belfield and Everest
_xEditor
942 _n0
948 _c04/03/1997
999 _c93355
_d93355